000 00835nam a2200229 a 4500
008 120416s2004 ||||||||||||||||| || u
050 _aIBRD(08)
100 _aVerbeek, Jos
245 1 0 _aEconomic growth, income distribution, and poverty in Poland during transition
_cby Pierella Paci, Marcin J. Sasin and Jos Verbeek
260 _aWashington, D.C.:
_bIBRD
_c2004
300 _a18p.: ill.
350 _a0.00
490 _aPolicy Research Working Paper
650 _aPOVERTY--POLAND
650 _aECONOMIC GROWTH--POLAND
650 0 _aECONOMICS
650 _aINCOME DISTRUBUTION--POLAND
700 _aPaci, Pierella
700 _aSasin, Marcin J
710 _aWorld Bank
995 _D0.00
_FCBU-MAIN LIBRARY (Kitwe)
_H1
_I0.00
_M1
_UAVAILABLE
_ZInternational Publications
999 _c40841
_d40841